00462nam a2200169Ia 4500999001700000003000400017005001700021008004100038040001800079082001900097100003000116245004500146260003800191300000900229650001000238942004400248 c16369d16369OSt20200606115913.0190216s9999||||xx |||||||||||||| ||und|| cMESKC library a891.432bBHA/S aBharathi, Jayprakash9157 0aSresht Bal Ekanki /cJayprakash Bharathi bSumith Publishers,aDelhi :c2001 a152p aHindi cBK2ddch891.432iBHA/Sk891.432mBHA/S